000 01133nam a2200313Ia 4500
003 OSt
005 20221007125305.0
006 a|||||r|||| 00| 0
007 ta
008 221006b |||||||| |||| 00| 0 eng d
020 _a9814066516 (pbk)
_cRs.450.00
024 _a8580
037 _bDhanraj,
_cTextual
040 _aCDL
_cCDL
_beng
041 _2eng
_aeng
082 _aE:3, N8;7
100 _aSkoog Douglas A
245 0 _aPrinciples of instrumental analysis by Douglas A Skoog and others
_b Holler F James Nieman Timothy A
250 _aEd 5
260 _aSingapore
_bHarcourt Asia Pte Ltd
_c1998
300 _axv,849p
_ccm.
500 _aAppendix 1-5, A1-A42p; Index I0-I24p; ^n23/CSL/CARC/2001-2002/565^d2001-11-23^mPurchase; ; 2001-2002/323^b2001-12-05^c192^d2001-11-28^eRs.4,098.38^fDhanraj Book House; ; 2001-12-31^bSB^c2002-04-15^dRPS
650 _a Analytical
_9712745
650 _aChemistry
700 _a Holler F James
700 _a Nieman Timothy A
942 _hE:3, N8;7
_cTEXL
_2CC
999 _c1215014
_d1215014